00653nam a2200229 a 4500001001300000003000900013005001700022008004100039020001000080082001600090100001900106245004200125260004200167300000900209500003500218505001000253650001300263902000800276942000700284952011700291999001500408nice12345678IN_TiNIC20260116012508.0050524s1985 newa grp 000 0 eng  ac15000a954.91bZIA aZiaullah, Syed aPakistanb an End Without a Beginning aNew DelhibLancer Internationalc1985 a256p aincludes index and biblioraphy2 aIndex aPakistan bSRS cBK 001040708StackRoom-aHMIbHMId2007-04-12g150.00l0o954.91 ZIAp014514r2007-04-12v150.00w2005-05-24yBK c7228d7228